Informaciones estadísticas: los servicios de apoyo socio-económico a los estudiantes en Chile; análisis cuantitativo. (Record no. 139670)
[ view plain ]
| 000 -CABECERA | |
|---|---|
| campo de control de longitud fija | 00677nam a2200181 a 4500 |
| 005 - FECHA Y HORA DE LA ÚLTIMA TRANSACCIÓN | |
| campo de control | 20210219160537.0 |
| 008 - ELEMENTOS DE LONGITUD FIJA--INFORMACIÓN GENERAL | |
| campo de control de longitud fija | 081110s2000 mx r 000 0 spa d |
| 035 ## - NÚMERO DE CONTROL DEL SISTEMA | |
| Número de control de sistema | UPN01000167559 |
| 049 ## - COLECCIÓN | |
| Colección | UNE |
| 080 ## - NÚMERO DE CLASIFICACIÓN DECIMAL UNIVERSAL | |
| Número de la Clasificación Decimal Universal | OC 31:37 (83) "1978" INF No.14. |
| 245 00 - MENCIÓN DE TÍTULO | |
| Título | Informaciones estadísticas: los servicios de apoyo socio-económico a los estudiantes en Chile; análisis cuantitativo. |
| 260 ## - PUBLICACIÓN, DISTRIBUCIÓN, ETC. | |
| Lugar de publicación, distribución, etc. | Santiago de Chile : OREALC, 1978. |
| 300 ## - DESCRIPCIÓN FÍSICA | |
| Extensión | 107 p. |
| 440 #0 - MENCIÓN DE SERIE/ASIENTO SECUNDARIO--TÍTULO | |
| Título | Informaciones estadísticas de la educación y análisis cuant- |
| 690 ## - PUNTO DE ACCESO ADICIONAL DE MATERIA LOCAL--TÉRMINO DE MATERIA (OCLC, RLIN) | |
| Término de materia o nombre geográfico como elemento inicial | Estadisticas educacionales- Chile |
| 690 ## - PUNTO DE ACCESO ADICIONAL DE MATERIA LOCAL--TÉRMINO DE MATERIA (OCLC, RLIN) | |
| Término de materia o nombre geográfico como elemento inicial | Factores socioeconomicos- Estadisticas educacionales- Chile |
| 905 ## - TIPO DE MATERIAL | |
| Tipo de material | UNESCO |
No items available.
